| 000 | 01317nam a2200277 i 4500 | ||
|---|---|---|---|
| 001 | 157906 | ||
| 003 | ES-MaACL | ||
| 005 | 20231226151432.0 | ||
| 008 | 990219s1868 sp ab |||| | spa d | ||
| 040 |
_aCCPB | B _bspa _cCCPB | B |
||
| 080 | _a656.62(282.05 Río de la Plata) | ||
| 100 | 1 |
_aBoucarut, A. _9166748 |
|
| 245 | 1 | 0 |
_aManual de la navegación del Río de la Plata y de sus principales afluentes _b: con instrucciones para su recalada y derrotas de ida y vuelta á Europa : según los documentos más fidedignos, nacionales y extranjeros / _c[escrito en francés por A. Boucarut] ; [adicionado] por Lobo y Riudavets. |
| 250 | _a2ª ed. ampl. e il. con una carta y vistas de la costa. | ||
| 260 |
_aMadrid : _b[s.n.], _c1868 ( _fEst. Tip. de T. Fortanet) |
||
| 300 |
_aXV, 333 p., 1 h. de mapa pleg. ; _c23 cm. |
||
| 510 | 4 |
_aPalau, _c139516 |
|
| 597 | _aAntep. | ||
| 599 | _aLa h. de map.: "J. Riudavets la delineó y grabó", representa la Carta del Río de la Plata con vistas de la Costa. | ||
| 651 | 4 |
_aRío de la Plata (Estuario)- _xNavegación. _9159928 |
|
| 651 | 4 |
_aRío de la Plata (Región)- _vHistoria. _9137335 |
|
| 700 | 1 |
_aRiudavets y Tudury, Pedro. _9131843 |
|
| 700 | 1 |
_aLobo, Miguel, _d1821-1876 _9157683 |
|
| 852 |
_aES-MaACL _jG-11311 _z- Enc. hol. |
||
| 999 |
_c157906 _d157906 |
||